Патентные исследования на основе баз данных, представленных в Интернете
| Hovedforfatter: | |
|---|---|
| Andre forfattere: | |
| Summary: | Предложены методические подходы к проведению патентных исследований с использованием баз данных, представленных в Интернете. Приведены основные сведения по процедурам поиска в базах данных ФИПС, ЕПВ, ВОИС, патентных ведомств США, Японии, Германии, Китая и проведению патентных исследований с их использованием. Показано, что обращение к системам классификации, принятым в стране поиска, позволяет установить как индексы классификации, так и ключевые слова, которые могут быть использованы в запросе. Показано также, что результаты поиска, расположенные по годам публикации, представляют собой готовые динамические ряды, которые могут быть использованы для анализа тенденций развития конкретной области техники. Приведен пример проведения патентных исследований в отношении фильтров для очистки воды, включая установление требований потребителей, анализ тенденций развития рынка, анализ условий конкуренции, выбор наиболее значимых изобретений, установление требований зарубежных потребителей, определение ведущих фирм.Для работников патентных служб, разработчиков новой техники, а также для студентов Российской государственной академии интеллектуальной собственности и других вузов. |
| Sprog: | russisk |
| Udgivet: |
Москва, Патент, 2014
|
| Fag: | |
| Format: | MixedMaterials Bog |
| KOHA link: | https://koha.lib.tpu.ru/cgi-bin/koha/opac-detail.pl?biblionumber=260671 |
MARC
| LEADER | 00000nam0a2200000 4500 | ||
|---|---|---|---|
| 001 | 260671 | ||
| 005 | 20231101233511.0 | ||
| 010 | |a 9785918081174 | ||
| 035 | |a (RuTPU)RU\TPU\book\283639 | ||
| 090 | |a 260671 | ||
| 100 | |a 20140516d2014 k y0rusy50 ca | ||
| 101 | 0 | |a rus | |
| 102 | |a RU | ||
| 105 | |a a z 000zy | ||
| 200 | 1 | |a Патентные исследования на основе баз данных, представленных в Интернете |f Э. П. Скорняков, М. Э. Горбунова | |
| 210 | |a Москва |c Патент |d 2014 | ||
| 215 | |a 160 с. |c ил. | ||
| 330 | |a Предложены методические подходы к проведению патентных исследований с использованием баз данных, представленных в Интернете. Приведены основные сведения по процедурам поиска в базах данных ФИПС, ЕПВ, ВОИС, патентных ведомств США, Японии, Германии, Китая и проведению патентных исследований с их использованием. Показано, что обращение к системам классификации, принятым в стране поиска, позволяет установить как индексы классификации, так и ключевые слова, которые могут быть использованы в запросе. Показано также, что результаты поиска, расположенные по годам публикации, представляют собой готовые динамические ряды, которые могут быть использованы для анализа тенденций развития конкретной области техники. Приведен пример проведения патентных исследований в отношении фильтров для очистки воды, включая установление требований потребителей, анализ тенденций развития рынка, анализ условий конкуренции, выбор наиболее значимых изобретений, установление требований зарубежных потребителей, определение ведущих фирм.Для работников патентных служб, разработчиков новой техники, а также для студентов Российской государственной академии интеллектуальной собственности и других вузов. | ||
| 606 | 1 | |a Патентный поиск |x Механизация |2 stltpush |3 (RuTPU)RU\TPU\subj\48373 |9 67244 | |
| 610 | 1 | |a патентная информация | |
| 610 | 1 | |a Интернет | |
| 610 | 1 | |a базы данных | |
| 610 | 1 | |a данные | |
| 610 | 1 | |a патентные ведомства | |
| 610 | 1 | |a изобретения | |
| 610 | 1 | |a объекты | |
| 610 | 1 | |a вода | |
| 610 | 1 | |a очистка | |
| 610 | 1 | |a примеси | |
| 610 | 1 | |a керамические фильтры | |
| 675 | |a 608.3:002.6 |v 3 | ||
| 700 | 1 | |a Скорняков |b Э. П. |g Эдуард Петрович | |
| 701 | 1 | |a Горбунова |b М. Э. |g Марина Эдуардовна | |
| 801 | 1 | |a RU |b 63413507 |c 20140516 | |
| 801 | 2 | |a RU |b 63413507 |c 20140922 |g RCR | |
| 942 | |c BK | ||
| 959 | |a 65/20140409 |d 1 |e 1100,00 |f ЧЗКДП:1 | ||